Nelson pediatría esencial / (Registro nro. 57162)
[ vista simple ]
| 000 -LEADER | |
|---|---|
| fixed length control field | 00982nam a2200289 a 4500 |
| 001 - CONTROL NUMBER | |
| control field | 57162 |
| 005 - DATE AND TIME OF LATEST TRANSACTION | |
| control field | 20221121091202.0 |
| 008 - FIXED-LENGTH DATA ELEMENTS--GENERAL INFORMATION | |
| fixed length control field | 140415s2011 sp a r 000 0 spa d |
| 020 ## - INTERNATIONAL STANDARD BOOK NUMBER | |
| International Standard Book Number | 9788480868266 |
| 040 ## - CATALOGING SOURCE | |
| Description conventions | rda |
| 041 0# - LANGUAGE CODE | |
| Language code of text/sound track or separate title | spa |
| 082 0# - DEWEY DECIMAL CLASSIFICATION NUMBER | |
| Classification number | 618.92 |
| Item number | MAR |
| 100 1# - MAIN ENTRY--PERSONAL NAME | |
| Personal name | Marcdante, Karen J., |
| Relator term | autor |
| 9 (RLIN) | 4396 |
| 240 10 - UNIFORM TITLE | |
| Uniform title | Nelson essentials of pediatrics. |
| Language of a work | Español |
| 245 10 - TITLE STATEMENT | |
| Title | Nelson pediatría esencial / |
| Statement of responsibility, etc. | Karen J. Marcdante, Robert M. Kliegman, Hal B. Jenson, Richard E. Behrman. |
| 250 ## - EDITION STATEMENT | |
| Edition statement | 6a. edición |
| 264 #1 - PRODUCTION, PUBLICATION, DISTRIBUTION, MANUFACTURE, AND COPYRIGHT NOTICE | |
| Place of production, publication, distribution, manufacture | Barcelona, España : |
| Name of producer, publisher, distributor, manufacturer | Elsevier España, |
| Date of production, publication, distribution, manufacture, or copyright notice | 2011 |
| 300 ## - PHYSICAL DESCRIPTION | |
| Extent | xix, 832 páginas : |
| Other physical details | ilustraciones (principalmente a color) ; |
| Dimensions | 28 cm. |
| 336 ## - CONTENT TYPE | |
| Content type term | texto |
| Source | rdacontent |
| 337 ## - MEDIA TYPE | |
| Media type term | sin mediación |
| Source | rdamedia |
| 338 ## - CARRIER TYPE | |
| Carrier type term | volume |
| Source | rdacarrier |
| 650 #4 - SUBJECT ADDED ENTRY--TOPICAL TERM | |
| Topical term or geographic name entry element | Pediatría |
| 700 1# - ADDED ENTRY--PERSONAL NAME | |
| Personal name | Kliegman, Robert, |
| Relator term | autor |
| 9 (RLIN) | 7490 |
| 700 1# - ADDED ENTRY--PERSONAL NAME | |
| Personal name | Jenson, Hal B. |
| Relator term | autor |
| 700 1# - ADDED ENTRY--PERSONAL NAME | |
| Personal name | Behrman, Richard E. |
| Relator term | autor |
| 942 ## - ADDED ENTRY ELEMENTS (KOHA) | |
| Classification part | 618.92 |
| Item part | MAR |
| Koha item type | Libro |
| Withdrawn status | Lost status | Source of classification or shelving scheme | Damaged status | Not for loan | Collection code | Home library | Current library | Shelving location | Date acquired | Source of acquisition | Inventory number | Total Checkouts | Full call number | Barcode | Date last seen | Date last checked out | Price effective from | Koha item type |
|---|---|---|---|---|---|---|---|---|---|---|---|---|---|---|---|---|---|---|
| Dewey Decimal Classification | General | Biblioteca Karol Wojtyla | Biblioteca Karol Wojtyla | Sala general | 21/07/2014 | Compra | 151000000000000000003700 | 618.92 MAR 2011 | 92050 | 05/01/2026 | 22/01/2015 | 21/07/2014 | Reserva permanente |